Deutsche Kern- und Zeitfragen / (Record no. 164878)

MARC details
000 -LEADER
campo de control de longitud fija 00602nam a22001815i 4500
001 - NÚMERO DE CONTROL
campo de control 164878
003 - IDENTIFICADOR DE NÚMERO DE CONTROL
campo de control ES-MaACL
005 - FECHA Y HORA DE LA ÚLTIMA TRANSACCIÓN
campo de control 20250805062614.0
008 - DATOS DE LONGITUD FIJA--INFORMACIÓN GENERAL
campo de control de longitud fija 020927s1894 gw |||| | ger d
040 ## - FUENTE DE CATALOGACIÓN
Centro catalogador/agencia de origen CCPB | B
Lengua de catalogación spa
Centro/agencia transcriptor CCPB | B
100 1# - ENTRADA PRINCIPAL--NOMBRE DE PERSONA
Nombre de persona Schäffle, Albert Eberhard Friedrich.
9 (RLIN) 149512
245 10 - MENCIÓN DEL TÍTULO
Título Deutsche Kern- und Zeitfragen /
Mención de responsabilidad, etc. von Albert Schäffle,...
260 ## - PUBLICACIÓN, DISTRIBUCIÓN, ETC.
Lugar de publicación, distribución, etc. Berlin :
Nombre del editor, distribuidor, etc. Ernst Hofmann & Co.,
Fecha de publicación, distribución, etc. 1894 (
Fabricante Druck von P. S. Hermann)
300 ## - DESCRIPCIÓN FÍSICA
Extensión VIII, 472 p. ;
Dimensiones 23 cm.
650 #7 - PUNTO DE ACCESO ADICIONAL DE MATERIA--TÉRMINO DE MATERIA
Término de materia o nombre geográfico como elemento de entrada Sociología
Fuente del encabezamiento o término embne
9 (RLIN) 17195
852 ## - LOCALIZACIÓN
Ubicación ES-MaACL
Número de control de estantería G-2894
Nota libre -- Enc. hol.
Holdings
Estatus retirado Estado de pérdida Estado de daño No para préstamo Colección Biblioteca de origen Biblioteca actual Ubicación en estantería Fecha de adquisición Fuente de adquisición Total de préstamos Signatura topográfica completa Código de barras Visto por última vez Precio de reemplazo Tipo de ítem Koha
        Libros del s. XIX Biblioteca del Ateneo de Madrid Biblioteca del Ateneo de Madrid Depósito 2 17/01/2008     G-2894 1172840 23/02/2023 23/02/2023 Libro impreso antiguo